| 000 | 00791nam a22002657a 4500 | ||
|---|---|---|---|
| 005 | 20260322212037.0 | ||
| 008 | data | ||
| 010 | _a 78008010 | ||
| 020 | _a0872582299 | ||
| 020 | _a9780872582293 | ||
| 040 |
_aDLC _cDLC _dCtY-M |
||
| 050 | 0 |
_aRA971 _b.B38 |
|
| 060 | _aWX150.3 B47li | ||
| 096 | _aWX 150.3 B471i 1978 | ||
| 100 | 1 | _aBennett, Addison C. | |
| 245 | 1 | 0 |
_aImproving management performance in health care institutions : _ba total systems approach / _cAddison C. Bennett. |
| 260 | 0 |
_aChicago : _bAmerican Hospital Association, _cc1978. |
|
| 300 |
_ax, 243 p. : _bill. ; _c28 cm. |
||
| 500 | _aIncludes index. | ||
| 504 | _aBibliography: p. 221-228. | ||
| 650 | 0 |
_aHospitals _xAdministration. |
|
| 650 | 2 | _aHospital Administration. | |
| 650 | 2 | _aSystems Analysis. | |
| 001 | data | ||
| 999 |
_c876 _d876 |
||